Lazarillo de Tormes / (Registro nro. 903)
[ vista simple ]
| 000 -LEADER | |
|---|---|
| fixed length control field | 01480nam a22003017a 4500 |
| 003 - CONTROL NUMBER IDENTIFIER | |
| control field | AR-RoUNCS |
| 005 - DATE AND TIME OF LATEST TRANSACTION | |
| control field | 20260212104718.0 |
| 007 - PHYSICAL DESCRIPTION FIXED FIELD--GENERAL INFORMATION | |
| fixed length control field | ta |
| 008 - FIXED-LENGTH DATA ELEMENTS--GENERAL INFORMATION | |
| fixed length control field | 160812s1996 ag gr 001 f spa |
| 015 ## - NATIONAL BIBLIOGRAPHY NUMBER | |
| National bibliography number | AR-1996 |
| 020 ## - INTERNATIONAL STANDARD BOOK NUMBER | |
| International Standard Book Number | 84-294-4571-4 |
| 040 ## - CATALOGING SOURCE | |
| Original cataloging agency | AR-BaBN |
| Language of cataloging | spa |
| Transcribing agency | AR-RoUNCS |
| Description conventions | aacr |
| 080 1# - UNIVERSAL DECIMAL CLASSIFICATION NUMBER | |
| Universal Decimal Classification number | 82-311.4 |
| Edition identifier | 2016 |
| 130 0# - MAIN ENTRY--UNIFORM TITLE | |
| Uniform title | Lazarillo de Tormes |
| 245 10 - TITLE STATEMENT | |
| Title | Lazarillo de Tormes / |
| Statement of responsibility, etc. | estudio y notas por Eugenia Alonso Martín. |
| 250 ## - EDITION STATEMENT | |
| Edition statement | 1a ed. |
| 260 ## - PUBLICATION, DISTRIBUTION, ETC. | |
| Place of publication, distribution, etc. | Buenos Aires : |
| Name of publisher, distributor, etc. | Santillana, |
| Date of publication, distribution, etc. | 1996. |
| 300 ## - PHYSICAL DESCRIPTION | |
| Extent | 87 p. ; |
| Dimensions | 20 cm. |
| 490 0# - SERIES STATEMENT | |
| Series statement | Clásicos Esenciales Santillana. |
| 500 ## - GENERAL NOTE | |
| General note | Esta edición incluye una introducción que contextualiza la obra, un aparato de notas, una cronología y una bibiliografía comentada. |
| 504 ## - BIBLIOGRAPHY, ETC. NOTE | |
| Bibliography, etc. note | Incluye notas y referencias bibliográficas a pie de página. |
| 520 3# - SUMMARY, ETC. | |
| Summary, etc. | La vida de Lazarillo de Tormes y de sus fortunas y adversidades (1554) es una novela anónima española, precursora de la novela picaresca, narrada en primera persona. Cuenta la dura infancia y juventud de Lázaro, un niño de orígenes humildes que, obligado a servir a diversos amos (un ciego, un clérigo, un escudero), utiliza su astucia e ingenio para sobrevivir al hambre y la corrupción, retratando con ironía la sociedad del siglo XVI. |
| 630 04 - SUBJECT ADDED ENTRY--UNIFORM TITLE | |
| Uniform title | Lazarillo de Tormes |
| General subdivision | Historia y crítica |
| 650 #7 - SUBJECT ADDED ENTRY--TOPICAL TERM | |
| Source of heading or term | embne |
| Topical term or geographic name entry element | Literatura española |
| 655 #7 - INDEX TERM--GENRE/FORM | |
| Genre/form data or focus term | Novelas picarescas |
| Source of term | embne |
| 700 1# - ADDED ENTRY--PERSONAL NAME | |
| Personal name | Martín, Eugenio Alonso. |
| 942 ## - ADDED ENTRY ELEMENTS (KOHA) | |
| Source of classification or shelving scheme | Universal Decimal Classification |
| Koha item type | Obra General |
| Suppress in OPAC | No |
| Withdrawn status | Lost status | Source of classification or shelving scheme | Damaged status | Not for loan | Collection | Home library | Current library | Date acquired | Total checkouts | Full call number | Barcode | Date last seen | Price effective from | Koha item type |
|---|---|---|---|---|---|---|---|---|---|---|---|---|---|---|
| Universal Decimal Classification | Colección General | Biblioteca Escuela de Ciencias Sociales | Biblioteca Escuela de Ciencias Sociales | 12/02/2026 | 82-311.4 L431 | 000550 | 12/02/2026 | 12/02/2026 | Obra General |